000 00411nam a2200145 i 4500
001 bg
100 1 _aLASZUK, Andrzej
245 0 _aKinetyka wymiany masy w aparacie z oddolnie zraszanym złożem fluidalnym /
_cAndrzej Laszuk, Mieczysław Mrowiec.
260 _aKraków 1975.
700 1 _aMROWIEC, Mieczysław
040 _cBPK
041 _apol
942 _cKS
008 s pl f |000 0 pol
999 _c27278
_d27278
856 _uhttp://koha.tu.koszalin.pl/cgi-bin/koha/opac-detail.pl?biblionumber=27278
_yKatalog online BPK